ARRUPE JESUIT UNIVERSITY

CORONAVIRUS -STOP THE SPREAD - CLEAN,DISINFECT,COVER

The Jesuit brothers' vocation (Record no. 131706)

MARC details
000 -LEADER
fixed length control field 00369nam a22001217a 4500
008 - FIXED-LENGTH DATA ELEMENTS--GENERAL INFORMATION
fixed length control field 230327b |||||||| |||| 00| 0 eng d
050 ## - LIBRARY OF CONGRESS CALL NUMBER
Classification number BX3703.3.J58
100 ## - MAIN ENTRY--PERSONAL NAME
Personal name George .E.Ganss.
9 (RLIN) 52262
245 ## - TITLE STATEMENT
Title The Jesuit brothers' vocation
Statement of responsibility, etc George E. Ganss
260 ## - PUBLICATION, DISTRIBUTION, ETC. (IMPRINT)
Place of publication, distribution, etc Italy:
Name of publisher, distributor, etc Centrum Ignatianum Spiritualitatis.
Date of publication, distribution, etc 1983.
300 ## - PHYSICAL DESCRIPTION
Extent 116p;
Dimensions 24cm.
942 ## - ADDED ENTRY ELEMENTS (KOHA)
Source of classification or shelving scheme Library of Congress Classification
Item type Monograph ( Printed materials)
Holdings
Withdrawn status Lost status Source of classification or shelving scheme Damaged status Not for loan Home library Current library Date acquired Total Checkouts Full call number Date last seen Price effective from Koha item type
    Library of Congress Classification     ARRUPE LIBRARY ARRUPE LIBRARY 27/03/2023   BX3703.3.J58 27/03/2023 27/03/2023 Monograph ( Printed materials)

 

Arrupe Library. PO Box MP320 Mt Pleasant, Harare, Zimbabwe
263 242 745411|librarian@aju.ac.zw